000 00367 a2200145 4500
001 169704
020 _a
040 _cMagnum
100 _aSesc - Minas Gerais
240 1 0 _aPesquisando machado de assis - 160 anos de nascimento
_lpor
245 1 0 _aPesquisando machado de assis - 160 anos de nascimento
362 0 _a1899
697 _aPARADIDATICO
942 _cBK
999 _c169704
_d169704